[Event "AUTO-MASTER-956"]
[Site "http://www.queenalice.com/game.php?id=683391"]
[Date "2009.11.14"]
[Round "1"]
[White "LISBOA"]
[Black "franchouillard"]
[Result "1-0"]
[WhiteElo "1937"]
[BlackElo "2054"]

1. d4 Nf6 2. c4 g6 3. Nc3 d5 4. cxd5 Nxd5 5. e4 Nxc3 6. bxc3 Bg7 7. Nf3 c5 8.
Bb5+ Bd7 9. Qb3 cxd4 10. Nxd4 O-O 11. Be3 a6 12. Bxd7 Qxd7 13. O-O Nc6 14. Rfd1
Qc7 15. Rd3 Ne5 16. Bf4 b5 17. Rad1 Qc4 18. Bxe5 Qxb3 19. axb3 Bxe5 20. Nc6 Bf6
21. e5 Bg7 22. Nxe7+ Kh8 23. f4 Rfe8 24. Rd7 Bf8 25. Nd5 Bc5+ 26. Kf1 Rf8 27. b4
Ba7 28. Nc7 Rac8 29. Re7 Be3 30. g3 g5 31. f5 Bb6 32. Rdd7 Bxc7 33. Rxc7 Rxc7
34. Rxc7 Kg8 35. f6 h6 36. Ke2 Re8 37. Re7 Kf8 38. Rxe8+ Kxe8 39. Kd3 Kd7 40.
Kd4 1-0

[Event "AUTO-MASTER-956"]
[Site "http://www.queenalice.com/game.php?id=683392"]
[Date "2009.11.14"]
[Round "1"]
[White "franchouillard"]
[Black "LISBOA"]
[Result "1-0"]
[WhiteElo "2050"]
[BlackElo "1963"]

1. e4 e5 2. Nf3 Nc6 3. d4 exd4 4. Nxd4 Nxd4 5. Qxd4 d6 6. Bc4 c5 7. Bb5+ Bd7 8.
Qa4 a6 9. Bxd7+ Qxd7 10. Qxd7+ Kxd7 11. Nc3 Ne7 12. Bf4 Re8 13. O-O-O Ng6 14.
Bg3 Be7 15. Rhe1 Bg5+ 16. Kb1 Bf4 17. Nd5 Bxg3 18. hxg3 Ne7 19. Nb6+ Kc6 20. Nc4
Nc8 21. f3 b5 22. Ne3 Re6 23. c4 g6 24. Nd5 Rhe8 25. cxb5+ axb5 26. g4 g5 27.
Rh1 h6 28. Rd3 Nb6 29. Rc1 Re5 30. Nxb6 Kxb6 31. Rxd6+ Kc7 32. Rxh6 c4 33. Rf6
R8e7 34. Rd1 Rc5 35. Rf5 Kc6 36. Rxc5+ Kxc5 37. Rd5+ Kb4 38. Rxg5 Rd7 39. Rd5
Rc7 40. e5 c3 41. Rd4+ 1-0

[Event "AUTO-ADV-1464"]
[Site "http://www.queenalice.com/game.php?id=713595"]
[Date "2010.1.14"]
[Round "2"]
[White "rwcm"]
[Black "LISBOA"]
[Result "1-0"]
[WhiteElo "1872"]
[BlackElo "1880"]

1. c4 e5 2. Nc3 Nf6 3. Nf3 Nc6 4. e4 Bc5 5. Be2 O-O 6. a3 d6 7. b4 Bd4 8. b5
Bxc3 9. dxc3 Ne7 10. Bd3 c6 11. a4 c5 12. O-O Ng6 13. Be3 Ng4 14. Bg5 Nf6 15. a5
h6 16. Bxf6 Qxf6 17. Qd2 Bg4 18. Be2 Nf4 19. Rad1 Nxe2+ 20. Qxe2 h5 21. Rd3 Qg6
22. Qd2 Qxe4 23. h3 Bxf3 24. Rxf3 Qxc4 25. Qxd6 Qxb5 26. Qxe5 g6 27. Rg3 Rae8
28. Qxh5 Qxa5 29. Qd5 Qb6 30. Qa2 Re4 31. Rb1 Qa6 32. Qd5 Qc6 33. Rg5 Qxd5 34.
Rxd5 b6 35. Rd7 Ra8 36. Rb7 Kf8 37. Ra1 Re7 38. Rxb6 axb6 39. Rxa8+ Re8 40. Ra1
Re2 41. Rb1 Re6 42. Rb2 Ke7 43. g4 Kd7 44. Kg2 Kc6 45. Kf3 1-0

[Event "AUTO-ADV-1464"]
[Site "http://www.queenalice.com/game.php?id=713596"]
[Date "2010.1.14"]
[Round "2"]
[White "LISBOA"]
[Black "rwcm"]
[Result "0-1"]
[WhiteElo "1918"]
[BlackElo "1853"]

1. e4 e5 2. Nf3 d6 3. d4 exd4 4. Nxd4 c5 5. Nb5 a6 6. N5c3 Nf6 7. Bc4 b5 8. Bd5
Nxd5 9. Nxd5 Bb7 10. O-O Be7 11. Qg4 Bxd5 12. exd5 O-O 13. Nc3 Nd7 14. Bh6 Bf6
15. Ne4 Ne5 16. Qg3 Ng6 17. Bg5 Bxg5 18. Nxg5 Qf6 19. c3 Nf4 20. Qh4 h6 21. Nf3
Nxd5 22. Rad1 Qxh4 23. Nxh4 Nf6 24. Rxd6 Rfd8 25. Rfd1 Re8 26. f3 Re5 27. Kf2
Rae8 28. R1d2 R8e6 29. g3 Rxd6 30. Rxd6 Rd5 31. Rxa6 Rd2+ 32. Kg1 Rxb2 33. Rc6
c4 34. Nf5 Nd5 35. a4 bxa4 36. Ra6 Nxc3 37. Nd6 Ne2+ 38. Kf1 c3 0-1

[Event "AUTO-ADV-1464"]
[Site "http://www.queenalice.com/game.php?id=713597"]
[Date "2010.1.14"]
[Round "2"]
[White "Kuarwaki"]
[Black "LISBOA"]
[Result "1-0"]
[WhiteElo "2375"]
[BlackElo "1939"]

1. d4 Nf6 2. c4 e6 3. g3 c5 4. d5 exd5 5. cxd5 d6 6. Nc3 a6 7. e4 b5 8. Bg2 Qa5
9. Qc2 Bd7 10. f4 b4 11. Nd1 g6 12. e5 Bf5 13. Qe2 Ng4 14. h3 Nh6 15. Ne3 Kd7
16. g4 1-0

[Event "AUTO-ADV-1464"]
[Site "http://www.queenalice.com/game.php?id=713598"]
[Date "2010.1.14"]
[Round "2"]
[White "LISBOA"]
[Black "Kuarwaki"]
[Result "0-1"]
[WhiteElo "1981"]
[BlackElo "2366"]

1. e4 e6 2. d4 d5 3. e5 c5 4. Nf3 Qb6 5. b3 Nc6 6. Be3 cxd4 7. Bxd4 Nxd4 8. Nxd4
Bc5 9. c3 Ne7 10. b4 Bxd4 11. Qxd4 Qxd4 12. cxd4 Nf5 13. Na3 Nxd4 14. f4 Bd7 15.
Rd1 Nc6 16. Nb5 Ke7 17. a3 a5 18. Nd4 axb4 19. Nxc6+ bxc6 20. axb4 Rhb8 0-1

[Event "AUTO-MASTER-1023"]
[Site "http://www.queenalice.com/game.php?id=719371"]
[Date "2010.1.24"]
[Round "1"]
[White "Feijo"]
[Black "LISBOA"]
[Result "1-0"]
[WhiteElo "2214"]
[BlackElo "1922"]

1. e4 c5 2. Nc3 e6 3. f4 d5 4. Bb5+ Bd7 5. exd5 exd5 6. Qe2+ Qe7 7. Nxd5 Qxe2+
8. Bxe2 Bd6 9. d3 Ne7 10. Nc3 Nbc6 11. Bd2 Nd4 12. O-O-O Nxe2+ 13. Ngxe2 f5 14.
Rde1 O-O-O 15. Rhf1 Bc6 16. Rf2 b5 17. g3 b4 18. Nd1 Rhe8 19. Ne3 Nd5 20. Nc4
Bc7 21. Ng1 Rxe1+ 22. Bxe1 Re8 23. Re2 Rxe2 24. Nxe2 Nb6 25. Nxb6+ Bxb6 26. Bf2
a5 27. d4 c4 28. Kd2 a4 29. c3 b3 30. axb3 cxb3 31. Nc1 Be4 32. Nd3 Bxd3 33.
Kxd3 Kc7 34. Kc4 Ba5 35. d5 Kd7 36. Bc5 g6 37. Ba3 Bb6 38. h3 Bf2 39. g4 Bg3 40.
gxf5 gxf5 41. Kb4 Bxf4 42. Kxa4 Be3 43. Kxb3 Bb6 44. Kc2 f4 45. Kd2 f3 46. c4
1-0

[Event "AUTO-MASTER-1023"]
[Site "http://www.queenalice.com/game.php?id=719372"]
[Date "2010.1.24"]
[Round "1"]
[White "LISBOA"]
[Black "Feijo"]
[Result "0-1"]
[WhiteElo "1927"]
[BlackElo "2210"]

1. d4 Nf6 2. c4 c5 3. d5 b5 4. e3 g6 5. cxb5 a6 6. bxa6 Bg7 7. Nc3 O-O 8. Bc4
Bxa6 9. Qa4 d6 10. Bd2 Qb6 11. Qb3 Qb4 12. Nb5 Qxb3 13. axb3 Bb7 14. Rxa8 Bxa8
15. Nc7 Nbd7 16. f3 Nb6 17. e4 Rc8 18. Nxa8 Rxa8 19. Ne2 Nfd7 20. Bc1 Ne5 21.
Bb5 Ra5 22. Nc3 Nxf3+ 23. gxf3 Bxc3+ 24. bxc3 Rxb5 25. Ke2 Rxb3 26. Kd3 Na4 27.
Bd2 Rb7 28. Ra1 Nb2+ 29. Kc2 Nc4 30. Bh6 Rb8 31. Ra7 Re8 32. Kd3 Ne5+ 33. Ke3 f6
34. Bf4 Nf7 35. Kd3 g5 36. Bg3 h5 37. h4 Kf8 38. Ke3 gxh4 39. Bxh4 Ne5 40. f4
Ng4+ 41. Ke2 Kf7 42. Bg3 Rb8 0-1

[Event "AUTO-MASTER-1023"]
[Site "http://www.queenalice.com/game.php?id=719383"]
[Date "2010.1.24"]
[Round "1"]
[White "punk"]
[Black "LISBOA"]
[Result "1-0"]
[WhiteElo "2027"]
[BlackElo "1979"]

1. d4 d5 2. Nf3 e6 3. c4 dxc4 4. e4 Nc6 5. Bxc4 Na5 6. Bd3 c5 7. O-O c4 8. Bc2
b5 9. Nc3 a6 10. d5 Nf6 11. Bg5 Be7 12. Bxf6 Bxf6 13. e5 Bg5 14. d6 Nc6 15. Qe2
O-O 16. Qe4 1-0

[Event "AUTO-MASTER-1023"]
[Site "http://www.queenalice.com/game.php?id=719384"]
[Date "2010.1.24"]
[Round "1"]
[White "LISBOA"]
[Black "punk"]
[Result "0-1"]
[WhiteElo "1978"]
[BlackElo "1967"]

1. d4 d5 2. e3 e6 3. c4 c6 4. c5 Nd7 5. Nf3 Qc7 6. Nc3 e5 7. b4 e4 8. Nd2 Ndf6
9. Nb3 Ng4 10. h3 N4h6 11. a4 Nf6 12. b5 Bd7 13. a5 Be7 14. b6 axb6 15. axb6 Qc8
16. Bd2 O-O 17. Be2 Nf5 18. Rxa8 Qxa8 19. Qa1 Qxa1+ 20. Nxa1 Ra8 21. O-O h5 22.
Nc2 g6 23. Ra1 Rxa1+ 24. Nxa1 g5 25. f3 Nh4 26. fxe4 dxe4 27. Nb3 Be6 28. Na5
Bc8 29. Bc4 g4 30. hxg4 hxg4 31. d5 cxd5 32. Nxd5 Nxd5 33. Bxd5 Bxc5 34. Nc4 Nf5
35. Bxe4 Nd6 36. Nxd6 Bxd6 37. Bc3 f5 38. Bd5+ Kf8 39. Kf2 Ke7 40. Bd4 f4 41. e4
Bb4 42. e5 Kd7 43. g3 f3 44. Kf1 Ke7 45. Kf2 Ba3 0-1

[Event "AUTO-MASTER-1023"]
[Site "http://www.queenalice.com/game.php?id=719391"]
[Date "2010.1.24"]
[Round "1"]
[White "LISBOA"]
[Black "miah14"]
[Result "0-1"]
[WhiteElo "1965"]
[BlackElo "2379"]

1. d4 Nf6 2. c4 e6 3. d5 Na6 4. Nc3 Bb4 5. Bd2 d6 6. a3 Bxc3 7. Bxc3 Ne4 8. Bxg7
Rg8 9. Qd4 Nac5 10. f3 Nb3 11. Qxe4 f5 12. Qd3 Nxa1 13. Bd4 Qh4+ 14. g3 Qxd4 15.
Qxd4 Nc2+ 16. Kd2 Nxd4 17. Kc3 e5 18. e3 Ne6 19. dxe6 Bxe6 20. Bd3 Ke7 21. e4
Raf8 22. Ne2 fxe4 23. Bxe4 c6 24. Rd1 d5 25. cxd5 cxd5 26. Rxd5 Rc8+ 27. Kb4
Bxd5 28. Bxd5 Rgd8 0-1

[Event "AUTO-MASTER-1023"]
[Site "http://www.queenalice.com/game.php?id=719392"]
[Date "2010.1.24"]
[Round "1"]
[White "miah14"]
[Black "LISBOA"]
[Result "1-0"]
[WhiteElo "2316"]
[BlackElo "1958"]

1. d4 d5 2. Bf4 e6 3. e3 c5 4. Nc3 cxd4 5. exd4 Nc6 6. Nb5 Kd7 7. c3 a6 8. Qa4
Qa5 9. Qxa5 Nxa5 10. Na3 Bd6 11. Bxd6 Kxd6 12. Nf3 f6 13. Bd3 b5 14. Nc2 e5 15.
Be2 Bf5 16. Ne3 Be6 17. b3 Nh6 18. dxe5+ fxe5 19. Ng5 Rac8 20. Rd1 Rxc3 21. Ne4+
1-0

[Event "AUTO-MASTER-919"]
[Site "http://www.queenalice.com/game.php?id=752774"]
[Date "2010.3.28"]
[Round "2"]
[White "skorpion"]
[Black "LISBOA"]
[Result "1-0"]
[WhiteElo "2465"]
[BlackElo "1929"]

1. e4 e5 2. f4 exf4 3. Nf3 d6 4. d4 Nf6 5. Nc3 Nc6 6. Bxf4 Nh5 7. Be3 Be7 8. Bd3
Bg4 9. O-O Nb4 10. Bc4 Nf6 11. e5 Nd7 12. Bxf7+ Kxf7 13. Ng5+ Kg6 14. Qxg4 1-0

[Event "AUTO-MASTER-919"]
[Site "http://www.queenalice.com/game.php?id=752775"]
[Date "2010.3.28"]
[Round "2"]
[White "LISBOA"]
[Black "skorpion"]
[Result "0-1"]
[WhiteElo "1931"]
[BlackElo "2464"]

1. e4 c5 2. Nf3 d6 3. d4 cxd4 4. Nxd4 Nf6 5. Nc3 a6 6. Bc4 e6 7. O-O b5 8. Bd3
Be7 9. b4 Bd7 10. Bb2 Qb6 11. Nce2 Nc6 12. a3 Ne5 13. Ng3 h5 14. Nf3 h4 15. Nxe5
hxg3 0-1

[Event "AUTO-MASTER-919"]
[Site "http://www.queenalice.com/game.php?id=752782"]
[Date "2010.3.28"]
[Round "2"]
[White "LISBOA"]
[Black "luismabibbo"]
[Result "0-1"]
[WhiteElo "1962"]
[BlackElo "1951"]

1. d4 d5 2. Nf3 Bf5 3. e3 h6 4. Ne5 Nf6 5. Nc3 e6 6. Bd3 Bxd3 7. Qxd3 Bd6 8.
Qb5+ Nbd7 9. Nxd7 Nxd7 10. Qxb7 O-O 11. Nb5 a6 12. Nxd6 cxd6 13. O-O Qc8 0-1

[Event "AUTO-MASTER-919"]
[Site "http://www.queenalice.com/game.php?id=752783"]
[Date "2010.3.28"]
[Round "2"]
[White "luismabibbo"]
[Black "LISBOA"]
[Result "1-0"]
[WhiteElo "1967"]
[BlackElo "1946"]

1. e4 e5 2. Bc4 Nf6 3. Nc3 Nc6 4. d3 Bb4 5. Bd2 Na5 6. Bb5 c6 7. Ba4 b5 8. Bb3
Nxb3 9. cxb3 Qb6 10. a3 Bc5 11. Qe2 d6 12. Bg5 1-0

[Event "Challenge"]
[Site "http://www.queenalice.com/game.php?id=786623"]
[Date "2010.6.6"]
[Round "-"]
[White "jorm"]
[Black "LISBOA"]
[Result "1-0"]
[WhiteElo "1833"]
[BlackElo "1899"]

1. e4 e5 2. Nc3 Nf6 3. d4 exd4 4. Qxd4 Nc6 5. Qe3 Qe7 6. f3 g6 7. a3 Bg7 8. Bd2
d6 9. Bc4 Be6 10. Bxe6 Qxe6 11. Nge2 Qe5 12. Qd3 a6 13. Bf4 Qe7 14. g4 h5 15. g5
Nd7 16. Nd5 Qd8 17. O-O-O Nc5 18. Qc4 Ne6 19. h4 Ne5 20. Bxe5 Bxe5 21. f4 c6 22.
fxe5 cxd5 23. Qxd5 dxe5 24. Qxe5 1-0